Beer, Sausage, Emperor, or Bundesliga Team - A Germany Click Quiz - Statistics

General Stats
  • This quiz has been taken 1,422 times
    1,035 since last reset
  • The average score is 22 of 32
Answer Stats
Hint Answer % Correct
Leopold Emperor
92%
Matthias Emperor
90%
Rudolph Emperor
88%
Freiburg Bundesliga Team
88%
Augsburg Bundesliga Team
87%
Conrad Emperor
86%
Hansa Rostock Bundesliga Team
80%
Charlemagne Emperor
78%
Bochum Bundesliga Team
78%
Sigismund Emperor
77%
St. Pauli Bundesliga Team
77%
Krombacher Beer
75%
Saarbrücken Bundesliga Team
75%
Warsteiner Beer
72%
Arnulph Emperor
70%
Lothair Emperor
68%
Stippgrütze Sausage
67%
Radeberger Beer
65%
Preußen Münster Bundesliga Team
61%
Bitburger Beer
60%
Franziskaner Beer
60%
Kaszanka Sausage
59%
Jever Beer
58%
Bierschinken Sausage
57%
Veltins Beer
56%
Cervelat Sausage
56%
Pinkel Sausage
54%
Knipp Sausage
51%
Debrecener Sausage
50%
Hasseröder Beer
47%
Landjäger Sausage
42%
Wattenscheid Bundesliga Team
37%
No matching quizzes found
Score Distribution
Percent of People with Each Score
Percentile by Number Answered
Your Score History
You have not taken this quiz since the last reset